LEADER 00863nas a2200217 i 4500 001 000000236340 003 CaOOAMICUS 005 20141201000000.0 008 141201b2004 it uu s u0 0ita r 013 $a215244 040 $aSeMil$bita 240 10$aIn una Chiesa che ascolta e racconta.$0(OLS)http://semarc/title/336817 245 10$aDiciassette anni di informazione religiosa. Anni 1989-2004. 260 $aRoma :$bSir,$c2004. 300 $a1 CD + 1 libricino. 500 $aIn custodia. 773 0 $tSIR.$dRoma : Società per l'Informazione Religiosa (SIR), 1989.$w()12736 850 $aSeMil 852 $aSeMil$W1$xVenegono$y1$m109 6 41 CD$j186686$B186686$CSeMilBibl$Z2$F197419 $85 996 $6245$aDiciassette anni di informazione religiosa. Anni 1989-2004$9(OLS)http://semarc/title/336816 996 $6260$aRoma :$bSir$9(OLS)http://semarc/publisher/50496 LEADER 00596nab a2200145 i 4500 001 000000272225 003 CaOOAMICUS 005 20091228000000.0 008 091228n xx uu u0 0und r 013 $a19661 040 $aSeMil$bita 245 10$a[SENZA TITOLO]. - [38] c. - In copertina :$bServizi disponibili on line, www.agensir.it. 500 $a18 dicembre 2009 (N. 1793). 773 0 $t[2009.$dRoma : Società per l'Informazione Religiosa (SIR), stampa 2009.$w()181995 996 $6245$a[SENZA TITOLO]. - [38] c. - In copertina :$bServizi disponibili on line, www.agensir.it.$9(OLS)http://semarc/title/359864